000 01337cam a22003731 4500
001 3253
003 BD-RjUL
005 20211208233712.0
008 131218s1961 njua b 100 0 eng
035 _a(OCoLC)252396
035 _a(OCoLC)ocm00252396
035 _a(CStRLIN)NYCG89-B49890
035 _a(BD-RjUL)
035 _a(NNC)763156
040 _cCarP
_dNNC
_aBD-RjUL
_beng
041 _aeng
082 _2 22
_a339
_bPUB
090 _aHJ113
_b.U6
110 2 _aUniversities--National Bureau Committee for Economic Research.
_99669
245 1 0 _aPublic finances: needs, sources, and utilization;
_ba conference of the Universities-National Bureau Committee for Economic Research.
260 _aPrinceton,
_bPrinceton University Press
_c1961.
300 _axiv, 512 p.
_btables.
_c24 cm.
490 1 _aNational Bureau of Economic Research. Special conference series,
_v12
500 _a"A report of the National Bureau of Economic Research, New York."
500 _aIssued with various printing dates.
504 _aBibliographical footnotes.
650 0 _aFinance, Public
_vCongresses.
_910277
650 0 _aDecision making.
_910278
830 0 _v12.
_910279
830 0 _aSpecial conference series (National Bureau of Economic Research) ;
_910280
942 _2ddc
_cBK
999 _c3253
_d3253